|
|
|
|
| LEADER |
00000nab a2200000 a 4500 |
| 001 |
vtls008691304 |
| 003 |
SK-MaSNL |
| 005 |
20260303073744.0 |
| 008 |
060418c20060203xo dr n 000 00slo |
| 015 |
|
|
|a SNBRB2006/04SVKPO
|
| 038 |
|
|
|a SVKPOCL
|
| 040 |
|
|
|a SVKPOCL
|b slo
|c AACR2
|e AACR2
|
| 041 |
|
|
|a slo
|
| 044 |
|
|
|a xo
|c SK
|
| 080 |
|
|
|a 614.84
|2 2001
|
| 245 |
0 |
0 |
|a Pribudlo požiarov
|b hasiči KR HaZZ v Prešove hodnotili uplynulý rok
|c [autor] (mig) ; foto: Viktor Zamborský
|
| 300 |
|
|
|a Fotogr.
|
| 610 |
2 |
7 |
|a Slovensko.
|b Hasičský a záchranný zbor Prešov
|2 svkpocl
|9 181174
|
| 648 |
|
7 |
|a rok 2005
|2 svkpocl
|9 1058086
|
| 650 |
0 |
7 |
|a hodnotenie činnosti
|2 svkpocl
|9 880586
|
| 651 |
|
7 |
|a Prešov (Slovensko)
|2 svkpocl
|9 17347
|
| 700 |
1 |
|
|a Zamborský, Viktor
|4 pht
|9 283325
|
| 773 |
0 |
|
|t Prešovský večerník
|g Roč. XVII, č. 3887 (3.2.2006), s. 2
|x 1336-4030
|
| 852 |
|
|
|a SVKPO
|b KIS3GCP
|
| 856 |
4 |
1 |
|u www.vecernik.po.sk
|
| 999 |
|
|
|c 1769039
|d 1770969
|